| 000 -CABECERA |
| campo de control de longitud fija |
01388nam a2200325 i 4500 |
| 001 - NÚMERO DE CONTROL |
| campo de control |
C00601649 |
| 003 - IDENTIFICADOR DEL NÚMERO DE CONTROL |
| campo de control |
OSt |
| 005 - FECHA Y HORA DE LA ÚLTIMA TRANSACCIÓN |
| campo de control |
20230109112510.0 |
| 007 - CAMPO FIJO DE DESCRIPCIÓN FÍSICA--INFORMACIÓN GENERAL |
| campo de control de longitud fija |
ta |
| 008 - DATOS DE LONGITUD FIJA--INFORMACIÓN GENERAL |
| campo de control de longitud fija |
211012s2020 pe a gr 000 p und |
| 020 ## - NÚMERO INTERNACIONAL ESTÁNDAR DEL LIBRO |
| Número Internacional Estándar del Libro |
9786124732508 |
| 040 ## - FUENTE DE LA CATALOGACIÓN |
| Centro/agencia transcriptor |
BMC |
| 041 ## - CÓDIGO DE LENGUA |
| Código de lengua del texto/banda sonora o título independiente |
spa |
| 082 ## - NÚMERO DE LA CLASIFICACIÓN DECIMAL DEWEY |
| Número de clasificación |
970.015/M18C |
| 100 ## - ENTRADA PRINCIPAL--NOMBRE DE PERSONA |
| Nombre de persona |
Moreno Jeria, Rodrigo |
| 9 (RLIN) |
48849 |
| 245 ## - MENCIÓN DE TÍTULO |
| Título |
Cristóbal Colón, el emprendedor : |
| Resto del título |
una historia en clave de negocios / |
| Mención de responsabilidad, etc. |
Rodrigo Moreno Jeria |
| 250 ## - MENCIÓN DE EDICIÓN |
| Mención de edición |
Primera edición. |
| 264 31 - PRODUCCIÓN, PUBLICACIÓN, DISTRIBUCIÓN, FABRICACIÓN Y COPYRIGHT |
| Producción, publicación, distribución, fabricación y copyright |
Lima : |
| Nombre del de productor, editor, distribuidor, fabricante |
Ernst & Young Asesores, |
| Fecha de producción, publicación, distribución, fabricación o copyright |
2016. |
| 300 ## - DESCRIPCIÓN FÍSICA |
| Extensión |
151 páginas : |
| Otras características físicas |
il. col., facsíms., mapas, retrs. ; |
| Dimensiones |
23 cm. |
| 500 ## - NOTA GENERAL |
| Nota general |
Analiza cómo Cristóbal Colón gestionó su proyecto para llegar a las Indias, desmitificando las creencias populares para exponer que fue resultado de una planificación similar a las estrategias de emprendimiento del siglo XXI. |
| 504 ## - NOTA DE BIBLIOGRAFÍA, ETC. |
| Nota de bibliografía, etc. |
Bibliografía: p. 145-148. |
| 650 ## - PUNTO DE ACCESO ADICIONAL DE MATERIA--TÉRMINO DE MATERIA |
| Término de materia o nombre geográfico como elemento de entrada |
Viajes alrededor del mundo |
| Subdivisión cronológica |
Siglo XVI. |
| 9 (RLIN) |
48851 |
| 650 ## - PUNTO DE ACCESO ADICIONAL DE MATERIA--TÉRMINO DE MATERIA |
| Término de materia o nombre geográfico como elemento de entrada |
Colón, Cristóbal |
| Subdivisión cronológica |
1451-1506 |
| Subdivisión general |
Viajes |
| 9 (RLIN) |
48853 |
| 650 ## - PUNTO DE ACCESO ADICIONAL DE MATERIA--TÉRMINO DE MATERIA |
| Término de materia o nombre geográfico como elemento de entrada |
Exploradores |
| Subdivisión cronológica |
Italia |
| 9 (RLIN) |
48854 |
| 650 ## - PUNTO DE ACCESO ADICIONAL DE MATERIA--TÉRMINO DE MATERIA |
| Término de materia o nombre geográfico como elemento de entrada |
Capacidad empresarial |
| 9 (RLIN) |
45694 |
| 651 ## - PUNTO DE ACCESO ADICIONAL DE MATERIA--NOMBRE GEOGRÁFICO |
| Nombre geográfico |
América |
| Subdivisión general |
Descubrimiento y exploración. |
| 9 (RLIN) |
48855 |
| 710 ## - PUNTO DE ACCESO ADICIONAL--NOMBRE DE ENTIDAD CORPORATIVA |
| Nombre de entidad corporativa o nombre de jurisdicción como elemento de entrada |
Ernst & Young Asesores (Lima) |
| 9 (RLIN) |
48856 |
| 856 ## - LOCALIZACIÓN Y ACCESO ELECTRÓNICOS |
| Identificador Uniforme del Recurso |
<a href="https://assets.ey.com/content/dam/ey-sites/ey-com/es_pe/topics/growth/ey-cristobal-colon-2016.pdf">https://assets.ey.com/content/dam/ey-sites/ey-com/es_pe/topics/growth/ey-cristobal-colon-2016.pdf</a> |
| Nota pública |
Leer en digital |
| 942 ## - ELEMENTOS DE PUNTO DE ACCESO ADICIONAL (KOHA) |
| Fuente del sistema de clasificación o colocación |
|
| Tipo de ítem Koha |
Libros-BMC |